معاوية بن أبي سفيان / (رقم التسجيلة. 66142)
[ عرض عادي ]
| 000 -LEADER | |
|---|---|
| fixed length control field | 00727nam a22002297a 4500 |
| 005 - DATE AND TIME OF LATEST TRANSACTION | |
| control field | 20251108171927.0 |
| 008 - FIXED-LENGTH DATA ELEMENTS--GENERAL INFORMATION | |
| fixed length control field | 250721s9999 xx 000 0 ara d |
| 082 14 - DEWEY DECIMAL CLASSIFICATION NUMBER | |
| Classification number | ط/956.041/معا |
| 100 1# - MAIN ENTRY--PERSONAL NAME | |
| Personal name | هنداوي، خليل |
| Relator term | جامع |
| 245 10 - TITLE STATEMENT | |
| Title | معاوية بن أبي سفيان / |
| 264 1# - PRODUCTION, PUBLICATION, DISTRIBUTION, MANUFACTURE, AND COPYRIGHT NOTICE | |
| Place of production, publication, distribution, manufacture | بيروت : |
| Name of producer, publisher, distributor, manufacturer | دار الشرق العربي، |
| Date of production, publication, distribution, manufacture, or copyright notice | [19-]. |
| 300 ## - PHYSICAL DESCRIPTION | |
| Extent | 120ص |
| 490 0# - SERIES STATEMENT | |
| Series statement | أعلام خالدون |
| 650 17 - SUBJECT ADDED ENTRY--TOPICAL TERM | |
| Topical term or geographic name as entry element | الدولة الأموية |
| 650 17 - SUBJECT ADDED ENTRY--TOPICAL TERM | |
| Topical term or geographic name as entry element | الخلفاء الراشدون |
| 653 ## - INDEX TERM--UNCONTROLLED | |
| Uncontrolled term | ناشئون صغار (10-14 سنة ) |
| 700 1# - ADDED ENTRY--PERSONAL NAME | |
| Personal name | الأنطاكي، محمد |
| 700 1# - ADDED ENTRY--PERSONAL NAME | |
| Personal name | حاضري، بدر الدين |
| 700 1# - ADDED ENTRY--PERSONAL NAME | |
| Personal name | قجة، محمد |
| 942 ## - ADDED ENTRY ELEMENTS (KOHA) | |
| Source of classification or shelving scheme | Dewey Decimal Classification |
| Koha item type | كتب |
| حالة السحب | حالة الفقدان | مصدر التصنيف | حالة التلف | غير قابل للإعارة | المكتبة الرئيسية | المكتبة الحالية | موقع الرف | تاريخ التزويد | الرقم المتسلسل | Total Checkouts | رقم الإستدعاء | تاريخ آخر ظهور | تاريخ الفاتورة | نوع المادة (كوها) | الباركود |
|---|---|---|---|---|---|---|---|---|---|---|---|---|---|---|---|
| Dewey Decimal Classification | مكتبة أم المؤمنين للأطفال | مكتبة أم المؤمنين للأطفال | الأطفال | 28/07/2025 | 1045494 | ط/956.041/معا | 28/07/2025 | 28/07/2025 | كتب | 1045494 | |||||
| Dewey Decimal Classification | Unchecked | مكتبة الجويدة | مكتبة الجويدة | الأطفال | 06/07/2004 | 647 | ط/956.041/معا | 28/07/2025 | 06/07/2004 | كتب | |||||
| Dewey Decimal Classification | مكتبة الراية الهاشمية للأطفال | مكتبة الراية الهاشمية للأطفال | الأطفال | 09/01/2003 | 0295804 | ط/956.041/معا | 28/07/2025 | 09/01/2003 | كتب | PLD00357107 |